Eglr 2006 : (Record no. 619163)

MARC details
000 -LEADER
fixed length control field 00454nam a2200181 a 4500
008 - FIXED-LENGTH DATA ELEMENTS--GENERAL INFORMATION
fixed length control field 260408s2006##################000#0#eng##
020 ## - INTERNATIONAL STANDARD BOOK NUMBER
ISBN 9780728204942
082 04 - DEWEY DECIMAL CLASSIFICATION NUMBER
Classification number 344.20643WAT-1
100 1# - MAIN ENTRY--AUTHOR NAME
Personal name Denyer-Green, Barry,
245 10 - TITLE STATEMENT
Title Eglr 2006 :
260 ## - PUBLICATION, DISTRIBUTION, ETC. (IMPRINT)
Name of publisher Estate Gazette,
Year of publication 2006.
650 #0 - SUBJECT ADDED ENTRY--TOPICAL TERM
Topical Term Law.
942 ## - ADDED ENTRY ELEMENTS (KOHA)
Koha item type English Books
Holdings
Withdrawn status Lost status Damaged status Not for loan Home library Current library Shelving location Date acquired Full call number Accession Number Price effective from Koha item type
        Anna Centenary Library Anna Centenary Library 4TH FLOOR, A WING 08.04.2026 344.20643WAT-1 351517 08.04.2026 English Books

Find us on the map